000 00709nam a2200229 a 4500
001 BRCA_694
005 20190320203117.0
008 880310s1988 nyua---##b---#001-0#eng-#
020 _a0847809919
040 _aDLC
_cDLC
_dDLC
041 _aeng
044 _anyu
050 4 _aNK4695.T3
_b.S66 1988
100 1 _aSpours, Judy
_92290
245 1 0 _aArt Deco Tableware
_bBritish Domestic Ceramics, 1925-1939
_cJudy Spours.
260 _aNueva York
_bRizzoli
_c1988
300 _a224 p.
_bil. a color
_c30 cm.
504 _aBibliografía: p. [213]-215
650 1 4 _aArtículos de mesa de cerámica
_zGran Bretaña
_92291
650 1 4 _aDecoración y ornamentación
_xArt decó
_zGran Bretaña
_92292
942 _2lcc
_cB
999 _c600
_d600